1535 1069 1529 1302 1192 1950 1818 1457 1356 1235 1021 1708 1503 1830 1676 1381 1672 1268 1690 1371 1456 1137 1291 1718 1624 1342 1541 1755 1626 1459 1276 1513 1291 1149 1352 1864 1841 1082 1596 1779 1753 1867 1171 1338 1205 1099 1638 1429 1394 1911 1098 1555 1776 1071 1437 1593 1971 1485 1080 1939 1621 1766 1651 1188 1774 1791 1873 1812 1983 1020 1733 1610 1072 1846 1918 1437 1823 1798 1399 1517 1084 1045 1654 1606 1741 1056 1239 1176 1761 1464 1806 1218 1105 1101 1002 1677 1927 1044 1580 BCNSPRNW ULIB Ver.6.0+V

เปลี่ยนเป็นภาษาไทย

Change to English
 แสดงรายละเอียดบรรณานุกรม
  กลับหน้าหลัก

Brief Record : Get Marc (ISO 2709) : E-mail record : QR code < ปิดหน้าต่าง
LEADER : 00000nam 2200000uu 4500
001    13399115185
003     ULIB
008    111208s2553||||th 000 0 tha d
020    ^a9786167052212
090    ^aนว.^bร388ฮ ล.1
100    ^aรัศมีจันทร์
245    ^aไฮโซติดเกาะ ตอน สายลมแห่งฤดูหนาว เล่ม 3/^cรัศมีจันทร์
250    ^aพิมพ์ครั้งที่ 1
260    ^aกรุงเทพฯ :^bณ บ้านวรรณกรรม,^c2553
300    ^a320 หน้า
710 1  ^aณ บ้านวรรณกรรม
945    ^p240^l0^i026740
995    ^aทศพร
999 ^a ทศพร
รายการนี้ยังไม่มีแท็ก
คุณยังไม่ได้ล็อกอิน คุณสามารถมีกิจกรรมร่วมกับเว็บไซต์ได้ แต่ต้องล็อกอินก่อน ::
  ล็อกอิน

รายการสื่อสารสนเทศ

ลำดับที่ ประเภท เลขเรียก/บาร์โค้ด สถานที่ สถานะ
1. นวนิยาย
นวนิยาย
นว. ร388ฮ ล.1 ฉ.1 
  Barcode: 026740
ห้องสมุดวิทยาเขตสวรรค์ประชารักษ์
►นวนิยาย
บนชั้น
  ขอยืม

รายการใกล้เคียง
    ผู้แต่ง [รัศมีจันทร์]

BibComment


ยังไม่เคยถูกคอมเมนท์

คอมเมนท์ทรัพยากรรายการนี้
  คอมเมนท์: ไฮโซติดเกาะ ตอน ..


 Copyright 2026. Bcnsprnw @Library